000 00444nam a2200181Ia 4500
001 3206
005 20260306144903.0
008 260306t2003||||xx |||||||||||||| ||spa||
041 _aESP
082 _a262.001
_bZ949
100 _aZizioulas, Ioannis D.
_eAUT
245 0 _aEl ser eclesial:
_bpersona, comunión, Iglesia
260 _c2003
300 _a285 páginas :
_c21 cm.
650 _aGEN
654 _aCHU
942 _cLIB
_dJUS
_fJUS
_2ddc
_n
999 _c3206
_d3206